| 000 | 00593nam a22002297a 4500 | ||
|---|---|---|---|
| 003 | UA-OsUOA | ||
| 001 | 78946 | ||
| 007 | ta | ||
| 008 | 20111025b un ||||| |||| 00| 0 ukr d | ||
| 090 |
_a94(477)=111 _bУ45 |
||
| 942 | _cBK | ||
| 040 |
_aUA-OsUOA _beng _cUA-OsUOA _dUA-OsUOA |
||
| 245 |
_aUkraine: 5 years of Independense _cD. Tabacnyk |
||
| 300 | _a355 с. | ||
| 955 | _a4 | ||
| 041 | _aeng | ||
| 080 | _a94(477)=111 | ||
| 020 | _a966-7127-00-1 | ||
| 260 |
_aPreshov _bARS-UKRAINE _c1996 |
||
| 650 | 7 |
_a9 Географія. Біографії. Історія _2UDC |
|
| 999 |
_c365262 _d365262 |
||